| 000 | 01378nam a2200337Ia 4500 | ||
|---|---|---|---|
| 001 | ebr10676928 | ||
| 003 | CaPaEBR | ||
| 006 | m u | ||
| 007 | cr cn||||||||| | ||
| 008 | 130111s2013 ne sb 001 0 eng d | ||
| 010 | _z 2012050302 | ||
| 020 | _z9789027256355 (hb : alk. paper) | ||
| 040 |
_aCaPaEBR _cCaPaEBR |
||
| 035 | _a(OCoLC)847617861 | ||
| 050 | 1 | 4 |
_aP299.H66 _bJ38 2013eb |
| 082 | 0 | 4 |
_a420.1/45 _223 |
| 100 | 1 | _aJautz, Sabine. | |
| 245 | 1 | 0 |
_aThanking formulae in English _h[electronic resource] : _bexplorations across varieties and genres / _cSabine Jautz, Universitat Siegen. |
| 260 |
_aAmsterdam : _bJohn Benjamins Publishing Company, _c2013. Philadelphia. |
||
| 300 | _a308 p. | ||
| 490 | 0 |
_aPragmatics & Beyond New Series, _x0922-842X ; _vv. 230 |
|
| 504 | _aIncludes bibliographical references and index. | ||
| 533 |
_aElectronic reproduction. _bPalo Alto, Calif. : _cebrary, _d2013. _nAvailable via World Wide Web. _nAccess may be limited to ebrary affiliated libraries. |
||
| 650 | 0 | _aPoliteness (Linguistics) | |
| 650 | 0 |
_aEnglish language _xHonorific. |
|
| 650 | 0 | _aPower (Social sciences) | |
| 650 | 0 | _aInterpersonal relations. | |
| 655 | 7 |
_aElectronic books. _2local |
|
| 710 | 2 | _aebrary, Inc. | |
| 856 | 4 | 0 |
_uhttp://site.ebrary.com/lib/rucke/Doc?id=10676928 _zAn electronic book accessible through the World Wide Web; click to view |
| 999 |
_c58724 _d58724 |
||